000 00799nac a2200229 a 4500
003 Co-PeBPM
005 20250203185427.0
008 250203e1998 |||a|||| |||| 00| 0 spa d
040 0 _aCo-PeBPM
_bspa
_cCo-PeBPM
_erda
041 0 _aspa
082 0 4 _a265.2 G984c
100 1 _aGutiérrez M., Oliva
_eautora
245 1 0 _aConsagrados para ser testigos
_b: preparación para celebrar la confirmación
_c/ Oliva Gutiérrez M., Yolanda Valero C.
260 _aBogotá
_b: Diócesis de Zipaquirá
_c, 1998
300 _a215 páginas
_b: ilustraciones
_c; 22 centímetros
490 _aColección actuamos
650 1 4 _2LEMB
_aConfirmación
_vlibros de preguntas
650 1 4 _2LEMB
_aCatecismos
650 1 4 _2LEMB
_aConfirmación
_vEnseñanza
700 1 _aValero C., Yolanda
_eautora
942 _2ddc
_cBK
_n0
999 _c60475
_d60475